Statistics for Largest Cities in Europe - No Capitals

Click here to take the quiz!

General Stats

  • This quiz has been taken 79 times
  • The average score is 5 of 10

Answers on the Map

Answers color-coded by a green-red scale on the quiz's map according to % correct below.
 

Answer Stats

Answer% Correct
Barcelona
92%
Milan
92%
St Petersburg
91%
Hamburg
77%
Munich
71%
Kharkiv
28%
Samara
8%
Yekaterinburg
8%
Nizhniy Novgorod
2%
Novosibirsk
0%

Score Distribution

Percentile by Number Answered

Percent of People with Each Score

Your Score History

You have not taken this quiz